[Event "43. Olimpiada Batumi 2018 Femenina"]
[Site "Batumi GEO"]
[Date "2018.10.01"]
[Round "7.3"]
[White "Klinova, Masha"]
[Black "Heinatz, Gundula"]
[Result "1/2-1/2"]
[WhiteElo "2288"]
[BlackElo "2170"]
[PlyCount "86"]
[EventDate "2018.09.24"]
[EventType "team-swiss"]
[EventRounds "11"]
[EventCountry "GEO"]
[SourceTitle "Ajedrez en Madrid"]
[Source "lmi"]
[SourceDate "2018.09.24"]
[WhiteTeam "Israel"]
[BlackTeam "Switzerland"]
[WhiteTeamCountry "ISR"]
[BlackTeamCountry "SUI"]

1. e4 e6 2. Nf3 d5 3. Nc3 Nf6 4. e5 Nfd7 5. d4 c5 6. dxc5 Nc6 7. Bf4 Be7 8. Qd2
Nxc5 9. Bb5 Bd7 10. O-O a6 11. Be2 b5 12. a3 O-O 13. Rad1 b4 14. axb4 Nxb4 15.
Nd4 Rb8 16. Be3 Nc6 17. Nxc6 Bxc6 18. Bd4 Nd7 19. Bxa6 Rxb2 20. Nxd5 Rb8 21.
Nxe7+ Qxe7 22. Qe3 Qh4 23. Be2 Rfc8 24. c4 Nf8 25. Qg3 Ng6 26. f4 Be4 27. Qe3
Bc2 28. Rd2 Bb3 29. g3 Qe7 30. Rb2 Ba4 31. Rfb1 Rxb2 32. Rxb2 h5 33. Kf2 h4 34.
g4 h3 35. Qg3 Bc6 36. f5 Qd7 37. Rd2 exf5 38. Be3 Qe6 39. Rd6 Qxe5 40. Qxe5
Nxe5 41. gxf5 Be4 42. f6 gxf6 43. Rxf6 Rxc4 1/2-1/2

[Event "43. Olimpiada Batumi 2018 Femenina"]
[Site "Batumi GEO"]
[Date "2018.10.01"]
[Round "7.4"]
[White "Stoeri, Laura"]
[Black "Gutmakher, Olga"]
[Result "0-1"]
[WhiteElo "2118"]
[BlackElo "2258"]
[PlyCount "96"]
[EventDate "2018.09.24"]
[EventType "team-swiss"]
[EventRounds "11"]
[EventCountry "GEO"]
[SourceTitle "Ajedrez en Madrid"]
[Source "lmi"]
[SourceDate "2018.09.24"]
[WhiteTeam "Switzerland"]
[BlackTeam "Israel"]
[WhiteTeamCountry "SUI"]
[BlackTeamCountry "ISR"]

1. e4 c5 2. Nc3 a6 3. Nge2 b6 4. g3 Bb7 5. Bg2 e6 6. O-O h5 7. h3 h4 8. g4 Nc6
9. d3 Qc7 10. Be3 Nf6 11. f4 O-O-O 12. Qe1 d5 13. Bf2 d4 14. Nb1 Nb4 15. Na3
Be7 16. g5 Nd7 17. Bxh4 f5 18. e5 Nf8 19. Bg3 Bxg2 20. Kxg2 Nd5 21. Rf3 Qc6 22.
Ng1 Ng6 23. Kh2 Rh7 24. Nc4 Rdh8 25. Qe2 b5 26. Nd2 Nh4 27. Bxh4 Rxh4 28. Raf1
Bd8 29. Nb3 Bc7 30. Qe1 Bb6 31. c4 dxc3 32. bxc3 c4 33. Nd4 Bxd4 34. cxd4 c3
35. Qc1 b4 36. R1f2 Kd7 37. Ne2 a5 38. Qc2 a4 39. Qd1 Rb8 40. Nc1 Qb5 41. Qc2
b3 42. axb3 axb3 43. Qb1 Rhh8 44. Rg3 Qb4 45. Rgg2 Rhc8 46. Kg3 b2 47. Na2 Qxd4
48. Rf3 c2 0-1

[Event "43. Olimpiada Batumi 2018 Femenina"]
[Site "Batumi GEO"]
[Date "2018.10.01"]
[Round "7.1"]
[White "Golubenko, Valentina"]
[Black "Shamima, Akter"]
[Result "1-0"]
[WhiteElo "2254"]
[BlackElo "2152"]
[PlyCount "65"]
[EventDate "2018.09.24"]
[EventType "team-swiss"]
[EventRounds "11"]
[EventCountry "GEO"]
[SourceTitle "Ajedrez en Madrid"]
[Source "lmi"]
[SourceDate "2018.09.24"]
[WhiteTeam "Croatia"]
[BlackTeam "Bangladesh"]
[WhiteTeamCountry "CRO"]
[BlackTeamCountry "BAN"]

1. d4 d5 2. c4 dxc4 3. e4 e5 4. Bxc4 exd4 5. Nf3 Nc6 6. O-O Bc5 7. Ng5 Nh6 8.
Nxf7 Nxf7 9. Bxf7+ Kxf7 10. Qh5+ g6 11. Qxc5 Qe7 12. Qb5 a6 13. Qb3+ Be6 14.
Qg3 h6 15. Nd2 Rad8 16. f4 Rhg8 17. Nf3 Ke8 18. Bd2 Kd7 19. b4 Kc8 20. a4 Bc4
21. Rfc1 b5 22. axb5 axb5 23. Rxc4 bxc4 24. b5 Nb8 25. Ne5 c3 26. Nc6 Qc5 27.
Qg4+ Kb7 28. Na5+ Kb6 29. Qe6+ c6 30. Nc4+ Kb7 31. b6 Nd7 32. Nd6+ Kb8 33. Ra8+
1-0

[Event "43. Olimpiada Batumi 2018 Femenina"]
[Site "Batumi GEO"]
[Date "2018.10.01"]
[Round "7.2"]
[White "Sultana, Sharmin Shirin"]
[Black "Ivekovic, Tihana"]
[Result "1/2-1/2"]
[WhiteElo "1974"]
[BlackElo "2114"]
[PlyCount "71"]
[EventDate "2018.09.24"]
[EventType "team-swiss"]
[EventRounds "11"]
[EventCountry "GEO"]
[SourceTitle "Ajedrez en Madrid"]
[Source "lmi"]
[SourceDate "2018.09.24"]
[WhiteTeam "Bangladesh"]
[BlackTeam "Croatia"]
[WhiteTeamCountry "BAN"]
[BlackTeamCountry "CRO"]

1. d4 d5 2. Nf3 Nf6 3. e3 c5 4. Bd3 cxd4 5. exd4 Bg4 6. O-O Nc6 7. c3 e6 8. Re1
Bd6 9. Nbd2 O-O 10. Qc2 Rc8 11. Qb1 Qc7 12. h3 Bxf3 13. Nxf3 h6 14. Bd2 a6 15.
Qd1 Rfe8 16. Rc1 Rb8 17. b4 Nd7 18. Bb1 b5 19. a4 Nf8 20. Bd3 Nd7 21. axb5 axb5
22. Ra1 Qb7 23. Qe2 e5 24. dxe5 Ndxe5 25. Nxe5 Nxe5 26. Bc2 Re7 27. Qh5 Qd7 28.
f4 Nc4 29. Qxd5 Nxd2 30. Rxe7 Qxe7 31. Qxd2 Qf6 32. Rf1 Rd8 33. Qe3 Rc8 34. Qd3
g6 35. Rf3 Bxf4 36. Bb3 1/2-1/2

[Event "43. Olimpiada Batumi 2018 Femenina"]
[Site "Batumi GEO"]
[Date "2018.10.01"]
[Round "7.3"]
[White "Cvitan, Ena"]
[Black "Hamid, Rani"]
[Result "1-0"]
[WhiteElo "2009"]
[BlackElo "1909"]
[PlyCount "75"]
[EventDate "2018.09.24"]
[EventType "team-swiss"]
[EventRounds "11"]
[EventCountry "GEO"]
[SourceTitle "Ajedrez en Madrid"]
[Source "lmi"]
[SourceDate "2018.09.24"]
[WhiteTeam "Croatia"]
[BlackTeam "Bangladesh"]
[WhiteTeamCountry "CRO"]
[BlackTeamCountry "BAN"]

1. d4 Nf6 2. c4 e6 3. Nc3 Bb4 4. e3 O-O 5. Bd3 d5 6. Nf3 b6 7. a3 Bxc3+ 8. bxc3
c5 9. O-O Qc7 10. Qe2 Bb7 11. Bb2 Nbd7 12. cxd5 exd5 13. c4 dxc4 14. Bxc4 Rac8
15. Rac1 Qb8 16. Rfd1 cxd4 17. Bxd4 Ng4 18. h3 Bxf3 19. Qxf3 Qh2+ 20. Kf1 Nge5
21. Bxf7+ Nxf7 22. Qg4 g6 23. Rxc8 Rxc8 24. Qxd7 Rd8 25. Qc6 Qd6 26. Qxd6 Rxd6
27. Rc1 Nd8 28. Rc8 Kf8 29. Be5 Rd5 30. Bf6 Ke8 31. e4 Rd3 32. e5 Kf7 33. Rxd8
Rxa3 34. Rd7+ Ke6 35. Rd6+ Kf5 36. g4+ Kf4 37. Kg2 Ra4 38. e6 1-0

[Event "43. Olimpiada Batumi 2018 Femenina"]
[Site "Batumi GEO"]
[Date "2018.10.01"]
[Round "7.4"]
[White "Sultana, Zakia"]
[Black "Ivekovic, Ana"]
[Result "1/2-1/2"]
[WhiteElo "1838"]
[BlackElo "2118"]
[PlyCount "71"]
[EventDate "2018.09.24"]
[EventType "team-swiss"]
[EventRounds "11"]
[EventCountry "GEO"]
[SourceTitle "Ajedrez en Madrid"]
[Source "lmi"]
[SourceDate "2018.09.24"]
[WhiteTeam "Bangladesh"]
[BlackTeam "Croatia"]
[WhiteTeamCountry "BAN"]
[BlackTeamCountry "CRO"]

1. d4 Nf6 2. Bf4 g6 3. e3 Bg7 4. Nf3 b6 5. Nbd2 Bb7 6. Be2 O-O 7. c3 d6 8. O-O
Nbd7 9. h3 Re8 10. Bc4 d5 11. Bd3 Ne4 12. Qc2 Nxd2 13. Qxd2 e5 14. dxe5 Nxe5
15. Be2 Qe7 16. Rfd1 Rad8 17. Bxe5 Bxe5 18. Nxe5 Qxe5 19. Bf3 Qg5 20. Qd4 Bc8
21. h4 Qe7 22. Qf4 Be6 23. Rd2 Rd6 24. Rad1 Red8 25. g3 a5 26. Qe5 f6 27. Qf4
Bf7 28. Bg2 Kg7 29. a3 h6 30. b4 axb4 31. axb4 Qe6 32. Qd4 Qf5 33. Qf4 Qe6 34.
Qd4 Qf5 35. Qf4 Qe6 36. Qd4 1/2-1/2

[Event "43. Olimpiada Batumi 2018 Femenina"]
[Site "Batumi GEO"]
[Date "2018.10.01"]
[Round "7.1"]
[White "Nasriddinzoda, Marvorii"]
[Black "de Leon, Patricia"]
[Result "1-0"]
[WhiteElo "2090"]
[BlackElo "1929"]
[PlyCount "59"]
[EventDate "2018.09.24"]
[EventType "team-swiss"]
[EventRounds "11"]
[EventCountry "GEO"]
[SourceTitle "Ajedrez en Madrid"]
[Source "lmi"]
[SourceDate "2018.09.24"]
[WhiteTeam "Tajikistan"]
[BlackTeam "Uruguay"]
[WhiteTeamCountry "TJK"]
[BlackTeamCountry "URU"]

1. d4 d5 2. c4 e6 3. Nc3 Be7 4. Nf3 Nf6 5. Bg5 O-O 6. cxd5 exd5 7. e3 h6 8. Bh4
b6 9. Bd3 Bb7 10. O-O Nbd7 11. Rc1 c5 12. dxc5 Nxc5 13. Bb1 Re8 14. Nd4 g6 15.
a3 Nfe4 16. Bxe7 Qxe7 17. Nce2 Rad8 18. b4 Ne6 19. Nxe6 Qxe6 20. Nd4 Qd7 21.
Bd3 a6 22. Qe2 b5 23. Nb3 Qd6 24. Rfd1 Qe5 25. Bxe4 dxe4 26. Nc5 Bc8 27. Qc2
Rxd1+ 28. Rxd1 Kf8 29. Rd4 Qc7 30. Ne6+ 1-0

[Event "43. Olimpiada Batumi 2018 Femenina"]
[Site "Batumi GEO"]
[Date "2018.10.01"]
[Round "7.2"]
[White "Silva Rosas, Natalia"]
[Black "Antonova, Nadezhda"]
[Result "0-1"]
[WhiteElo "1833"]
[BlackElo "2038"]
[PlyCount "138"]
[EventDate "2018.09.24"]
[EventType "team-swiss"]
[EventRounds "11"]
[EventCountry "GEO"]
[SourceTitle "Ajedrez en Madrid"]
[Source "lmi"]
[SourceDate "2018.09.24"]
[WhiteTeam "Uruguay"]
[BlackTeam "Tajikistan"]
[WhiteTeamCountry "URU"]
[BlackTeamCountry "TJK"]

1. e4 c5 2. Nc3 Nc6 3. g3 g6 4. Bg2 Bg7 5. Nf3 d6 6. d3 e6 7. Bg5 Nge7 8. O-O
Nd4 9. Nxd4 cxd4 10. Ne2 h6 11. Bd2 O-O 12. Qc1 Kh7 13. f4 Qb6 14. Kh1 Bd7 15.
Rb1 Rac8 16. c3 Qa6 17. c4 Qxa2 18. b4 Qa6 19. Ra1 Qb6 20. Qe1 a6 21. g4 f5 22.
Qh4 Rce8 23. g5 Ng8 24. Rf3 fxe4 25. dxe4 d3 26. c5 dxc5 27. Rxd3 Bb5 28. bxc5
Qc7 29. c6 Bxd3 30. Nc3 bxc6 31. e5 Qb7 32. gxh6 Bxh6 33. Ne4 Bxe4 34. Bxe4 Rf5
35. Rg1 Ne7 36. Qg3 Qb2 37. Be3 Qb4 38. Qg2 c5 39. Rb1 Qc3 40. Bd2 Qd4 41. Rg1
Rb8 42. Bc1 Rb4 43. Bxf5 exf5 44. Qa2 Qd5+ 45. Qxd5 Nxd5 46. Ba3 Rc4 47. Rd1
Nxf4 48. Rd7+ Kg8 49. Ra7 Re4 50. h4 Rxe5 51. Rxa6 Bf8 52. Kh2 Re6 53. Ra7 Bd6
54. Rd7 Re2+ 55. Kg1 Nh3+ 56. Kf1 Re6 57. Kg2 Nf4+ 58. Kf3 Nd3 59. Ra7 Ne5+ 60.
Kf2 c4 61. Ra8+ Kf7 62. Ke2 Bxa3 63. Rxa3 Nd3+ 64. Kf3 Re4 65. Kg3 Rg4+ 66. Kh3
Nf4+ 67. Kh2 Rxh4+ 68. Kg1 c3 69. Kf2 c2 0-1

[Event "43. Olimpiada Batumi 2018 Femenina"]
[Site "Batumi GEO"]
[Date "2018.10.01"]
[Round "7.3"]
[White "Hotami, Mutriba"]
[Black "Quevedo, Andreina"]
[Result "1-0"]
[WhiteElo "1840"]
[BlackElo "1809"]
[PlyCount "61"]
[EventDate "2018.09.24"]
[EventType "team-swiss"]
[EventRounds "11"]
[EventCountry "GEO"]
[SourceTitle "Ajedrez en Madrid"]
[Source "lmi"]
[SourceDate "2018.09.24"]
[WhiteTeam "Tajikistan"]
[BlackTeam "Uruguay"]
[WhiteTeamCountry "TJK"]
[BlackTeamCountry "URU"]

1. e4 e5 2. Nf3 Nc6 3. Bb5 a6 4. Ba4 b5 5. Bb3 Nf6 6. Qe2 Bc5 7. c3 d6 8. h3
O-O 9. d3 h6 10. Nbd2 Re8 11. Nf1 Ne7 12. Nh4 d5 13. Ng3 c6 14. Qf3 Qc7 15.
Bxh6 b4 16. Bd2 a5 17. O-O a4 18. Bc2 a3 19. bxa3 bxc3 20. Bxc3 Bxa3 21. d4
dxe4 22. Nxe4 Nxe4 23. Qxe4 Nd5 24. Qh7+ Kf8 25. Bd2 Nf6 26. Qh8+ Ke7 27. Qxg7
Rg8 28. Ng6+ Ke8 29. Qxf6 Rxg6 30. Bxg6 fxg6 31. Qxg6+ 1-0

[Event "43. Olimpiada Batumi 2018 Femenina"]
[Site "Batumi GEO"]
[Date "2018.10.01"]
[Round "7.4"]
[White "Malan, Lucia"]
[Black "Abrorova, Sabrina"]
[Result "0-1"]
[WhiteElo "1785"]
[BlackElo "1685"]
[PlyCount "120"]
[EventDate "2018.09.24"]
[EventType "team-swiss"]
[EventRounds "11"]
[EventCountry "GEO"]
[SourceTitle "Ajedrez en Madrid"]
[Source "lmi"]
[SourceDate "2018.09.24"]
[WhiteTeam "Uruguay"]
[BlackTeam "Tajikistan"]
[WhiteTeamCountry "URU"]
[BlackTeamCountry "TJK"]

1. e4 c5 2. Nf3 d6 3. d4 cxd4 4. Nxd4 Nf6 5. Nc3 a6 6. Be2 e5 7. Nb3 Be7 8. a4
Be6 9. O-O O-O 10. Be3 Qc7 11. Nd5 Nxd5 12. exd5 Bf5 13. c4 Bg6 14. Qd2 Nd7 15.
Na5 f5 16. f3 f4 17. Bf2 Bf5 18. b4 b6 19. Nc6 Bf6 20. Rac1 Qc8 21. a5 bxa5 22.
Nxa5 Qe8 23. Nb7 Qg6 24. Kh1 e4 25. Qxf4 Bg5 26. Qxd6 Rf6 27. Qg3 Bxc1 28. Qxg6
Bxg6 29. Rxc1 Rb8 30. Nc5 Nxc5 31. Bxc5 Bh5 32. Be7 Rf7 33. d6 exf3 34. Bxf3
Bxf3 35. gxf3 Rxe7 36. dxe7 Kf7 37. Rb1 Kxe7 38. Kg2 Kd6 39. Kf2 Kc6 40. Ke3 a5
41. b5+ Kc5 42. Kd3 Rd8+ 43. Kc3 Rd4 44. b6 Rxc4+ 45. Kd3 Rd4+ 46. Kc3 Rd8 47.
Re1 Kxb6 48. Re6+ Kc5 49. Re7 Rf8 50. Rc7+ Kb5 51. Rb7+ Ka4 52. Rxg7 Rxf3+ 53.
Kc4 Rf4+ 54. Kc3 Rh4 55. Rg2 Ka3 56. Rg5 Rh3+ 57. Kc4 a4 58. Rg2 Rb3 59. Rg7 h5
60. Rg5 h4 0-1

[Event "43. Olimpiada Batumi 2018 Femenina"]
[Site "Batumi GEO"]
[Date "2018.10.01"]
[Round "7.1"]
[White "Wang, Chengjia"]
[Black "Gomez Barrera, Javiera Belen"]
[Result "1/2-1/2"]
[WhiteElo "2050"]
[BlackElo "2035"]
[PlyCount "132"]
[EventDate "2018.09.24"]
[EventType "team-swiss"]
[EventRounds "11"]
[EventCountry "GEO"]
[SourceTitle "Ajedrez en Madrid"]
[Source "lmi"]
[SourceDate "2018.09.24"]
[WhiteTeam "South Korea"]
[BlackTeam "Chile"]
[BlackTeamCountry "CHI"]

1. e4 e5 2. Nf3 Nc6 3. Bc4 Bc5 4. c3 Nf6 5. d3 a6 6. Bb3 Ba7 7. O-O d6 8. Nbd2
O-O 9. h3 h6 10. Re1 Nh5 11. d4 Qf6 12. Nxe5 dxe5 13. Qxh5 exd4 14. Nf3 Be6 15.
Bc2 Qg6 16. Qh4 Rad8 17. cxd4 Nxd4 18. Bd1 Nxf3+ 19. Bxf3 Bd4 20. e5 Bd5 21.
Be4 Qc6 22. Bg5 f6 23. exf6 Bxf6 24. Bxd5+ Qxd5 25. Bxf6 Rxf6 26. Rad1 Qxd1 27.
Rxd1 Rxd1+ 28. Kh2 Rd2 29. Qc4+ Rf7 30. f3 Rxb2 31. Qe6 Rb6 32. Qd5 Rb5 33.
Qd8+ Kh7 34. Qe8 Rf6 35. h4 Rbb6 36. h5 Rbe6 37. Qc8 Re5 38. Qxb7 Rxh5+ 39. Kg1
Rg5 40. Kf2 Rfg6 41. g4 c5 42. Qe4 h5 43. gxh5 Rxh5 44. a3 Rh2+ 45. Ke3 Rh1 46.
Qf5 c4 47. Kd4 Rh4+ 48. f4 Kh6 49. Qf8 Rgg4 50. Qh8+ Kg6 51. Qe8+ Kh7 52. Qe4+
Kh6 53. Qe6+ g6 54. Kxc4 Rxf4+ 55. Kc5 Rh5+ 56. Kb6 Kg7 57. Qd7+ Rf7 58. Qd4+
Rf6+ 59. Kc7 Rh7 60. Kd8 Rh8+ 61. Ke7 Rhf8 62. a4 R8f7+ 63. Ke8 Kg8 64. Qc4 Kg7
65. Qd4 Kg8 66. Qc4 Kg7 1/2-1/2

[Event "43. Olimpiada Batumi 2018 Femenina"]
[Site "Batumi GEO"]
[Date "2018.10.01"]
[Round "7.2"]
[White "Abarca Gonzalez, Damaris"]
[Black "Eynula, Roza"]
[Result "0-1"]
[WhiteElo "2037"]
[BlackElo "2030"]
[PlyCount "76"]
[EventDate "2018.09.24"]
[EventType "team-swiss"]
[EventRounds "11"]
[EventCountry "GEO"]
[SourceTitle "Ajedrez en Madrid"]
[Source "lmi"]
[SourceDate "2018.09.24"]
[WhiteTeam "Chile"]
[BlackTeam "South Korea"]
[WhiteTeamCountry "CHI"]

1. e4 e6 2. d4 d5 3. Nc3 Nf6 4. Bg5 Be7 5. e5 Nfd7 6. h4 a6 7. Qd2 c5 8. dxc5
Nc6 9. f4 Nxc5 10. Bxe7 Qxe7 11. Nf3 O-O 12. Bd3 Nxd3+ 13. Qxd3 Nb4 14. Qd2 f5
15. exf6 Qxf6 16. a3 Nc6 17. g3 Qg6 18. Rg1 Bd7 19. O-O-O Rac8 20. Kb1 b5 21.
Ng5 Rc7 22. g4 b4 23. axb4 Nxb4 24. Rg2 Qf6 25. Rf1 Rb8 26. Rf3 Rc4 27. f5 Rd4
28. Qf2 e5 29. Ne6 Bxe6 30. g5 Qd8 31. fxe6 Qe7 32. h5 Rf8 33. g6 Rdf4 34. Rxf4
Rxf4 35. Qe1 Qxe6 36. gxh7+ Kxh7 37. Ne2 Rc4 38. c3 Qf5+ 0-1

[Event "43. Olimpiada Batumi 2018 Femenina"]
[Site "Batumi GEO"]
[Date "2018.10.01"]
[Round "7.3"]
[White "Lee, Seyeon"]
[Black "Morales Flores, Monserrat"]
[Result "0-1"]
[WhiteElo "1727"]
[BlackElo "1935"]
[PlyCount "82"]
[EventDate "2018.09.24"]
[EventType "team-swiss"]
[EventRounds "11"]
[EventCountry "GEO"]
[SourceTitle "Ajedrez en Madrid"]
[Source "lmi"]
[SourceDate "2018.09.24"]
[WhiteTeam "South Korea"]
[BlackTeam "Chile"]
[BlackTeamCountry "CHI"]

1. e4 c5 2. Nf3 e6 3. d4 cxd4 4. Nxd4 a6 5. Be3 Qc7 6. Bd3 Nf6 7. Nd2 Nc6 8.
Nxc6 bxc6 9. Rc1 Be7 10. O-O O-O 11. c4 c5 12. f4 d6 13. Qf3 Rd8 14. Qh3 a5 15.
g4 g6 16. g5 Nh5 17. Qg2 Bb7 18. Qg4 Qc6 19. Nf3 Ng7 20. Rcd1 a4 21. Bd2 f5 22.
gxf6 Bxf6 23. Bc1 Rf8 24. Rde1 Rad8 25. Ng5 Rde8 26. Re2 Bd4+ 27. Kh1 Bc8 28.
Qh4 Nh5 29. b3 axb3 30. axb3 e5 31. f5 Bxf5 32. Nf3 Be6 33. Rg2 Nf4 34. Ng5 Qd7
35. Bxf4 exf4 36. Rxf4 Rxf4 37. Qxf4 Rf8 38. Qc1 Bg4 39. Be2 Bxe2 40. Rxe2 h6
41. e5 hxg5 0-1

[Event "43. Olimpiada Batumi 2018 Femenina"]
[Site "Batumi GEO"]
[Date "2018.10.01"]
[Round "7.4"]
[White "Pinilla Delgado, Sofia Ignacia"]
[Black "Park, Sunwoo"]
[Result "0-1"]
[WhiteElo "1710"]
[BlackElo "1793"]
[PlyCount "146"]
[EventDate "2018.09.24"]
[EventType "team-swiss"]
[EventRounds "11"]
[EventCountry "GEO"]
[SourceTitle "Ajedrez en Madrid"]
[Source "lmi"]
[SourceDate "2018.09.24"]
[WhiteTeam "Chile"]
[BlackTeam "South Korea"]
[WhiteTeamCountry "CHI"]

1. d4 d5 2. c4 e6 3. Nc3 c5 4. e3 Nf6 5. Nf3 Nc6 6. Be2 Be7 7. O-O dxc4 8. Bxc4
cxd4 9. exd4 O-O 10. Re1 Bb4 11. Bg5 b6 12. a3 Be7 13. Qd2 h6 14. Be3 Bb7 15.
b4 Nd5 16. Nxd5 exd5 17. Bd3 f5 18. b5 Na5 19. Qe2 Bd6 20. Bd2 Nb3 21. Qe6+ Kh8
22. Ra2 Rf6 23. Qe2 Qf8 24. a4 Rd8 25. Qd1 Nxd2 26. Nxd2 Re8 27. Nf3 Rfe6 28.
Rae2 Bc8 29. Nh4 Qf6 30. Rxe6 Rxe6 31. Nf3 Bb4 32. Rxe6 Qxe6 33. g3 Bd7 34. Qc2
Bd6 35. Qb1 f4 36. Nh4 Qg4 37. Bf5 Bxf5 38. Nxf5 Qg6 39. Kf1 fxg3 40. hxg3 Be7
41. Qc2 Bf6 42. Qc8+ Kh7 43. Qe6 Qg4 44. Qxd5 Kg6 45. Nd6 Bxd4 46. Qf7+ Kh7 47.
Qf5+ Qxf5 48. Nxf5 Bc5 49. Nh4 Bd4 50. Nf3 Bf6 51. Ke2 Kg6 52. Nd2 Kf5 53. Ke3
Ke5 54. Kd3 Kd5 55. Nb3 Bb2 56. f3 g6 57. a5 bxa5 58. Nxa5 Bd4 59. Nc6 Bc5 60.
g4 a6 61. Nd8 axb5 62. Nf7 Bf8 63. Nh8 g5 64. Ng6 Bd6 65. Nh8 Be5 66. Nf7 Bg7
67. Nd8 b4 68. Nb7 b3 69. Na5 b2 70. Kc2 Bd4 71. Nb3 Ke5 72. Kb1 Bc3 73. Kc2
Kf4 0-1

[Event "43. Olimpiada Batumi 2018 Femenina"]
[Site "Batumi GEO"]
[Date "2018.10.01"]
[Round "7.1"]
[White "Tan, Li Ting"]
[Black "Nazarova, Anastasia"]
[Result "1/2-1/2"]
[WhiteElo "2054"]
[BlackElo "2029"]
[PlyCount "117"]
[EventDate "2018.09.24"]
[EventType "team-swiss"]
[EventRounds "11"]
[EventCountry "GEO"]
[SourceTitle "Ajedrez en Madrid"]
[Source "lmi"]
[SourceDate "2018.09.24"]
[WhiteTeam "Malaysia"]
[BlackTeam "Finland"]
[WhiteTeamCountry "MAS"]
[BlackTeamCountry "FIN"]

1. c4 e6 2. Nf3 d5 3. g3 Nf6 4. Bg2 dxc4 5. Qa4+ Bd7 6. Qxc4 c5 7. Ne5 Qc8 8.
Nxd7 Qxd7 9. b3 Nc6 10. Bb2 Be7 11. O-O O-O 12. d3 Rac8 13. Nd2 Nd4 14. Rfe1
Rfd8 15. Rad1 Nd5 16. e3 b5 17. Qc1 Nc6 18. a3 Qe8 19. Qa1 Qf8 20. Bf1 a6 21.
Rc1 Na5 22. Rc2 Nb6 23. Rec1 Ra8 24. Qa2 Ra7 25. d4 Rad7 26. dxc5 Bxc5 27. Ne4
Be7 28. Bd4 Nd5 29. b4 Nb7 30. Rc6 Ra8 31. Nc3 Nd8 32. Nxd5 Nxc6 33. Nb6 Nxd4
34. Nxd7 Qd8 35. Ne5 Nf5 36. Bg2 Rc8 37. Nc6 Qe8 38. g4 Nd6 39. Nxe7+ Qxe7 40.
Rxc8+ Nxc8 41. Qc2 Qd7 42. Qe4 Nb6 43. Bf3 h6 44. h4 Qc7 45. Kg2 Nd5 46. Qd4
Qc3 47. Bxd5 Qxd4 48. exd4 exd5 49. g5 Kf8 50. gxh6 gxh6 51. Kg3 Kg7 52. Kg4
Kg6 53. Kf4 Kf6 54. Kg4 Kg6 55. h5+ Kf6 56. f4 Ke6 57. f5+ Kd6 58. Kf4 f6 59.
Kf3 1/2-1/2

[Event "43. Olimpiada Batumi 2018 Femenina"]
[Site "Batumi GEO"]
[Date "2018.10.01"]
[Round "7.2"]
[White "Puuska, Heini"]
[Black "Bakri, Alia Anin Azwa"]
[Result "0-1"]
[WhiteElo "1961"]
[BlackElo "2005"]
[PlyCount "116"]
[EventDate "2018.09.24"]
[EventType "team-swiss"]
[EventRounds "11"]
[EventCountry "GEO"]
[SourceTitle "Ajedrez en Madrid"]
[Source "lmi"]
[SourceDate "2018.09.24"]
[WhiteTeam "Finland"]
[BlackTeam "Malaysia"]
[WhiteTeamCountry "FIN"]
[BlackTeamCountry "MAS"]

1. d4 d5 2. e3 Nf6 3. Bd3 c5 4. c3 Nc6 5. Nd2 e6 6. Ngf3 Bd6 7. dxc5 Bxc5 8. b4
Bd6 9. Bb2 a6 10. O-O Bd7 11. a3 Rc8 12. c4 O-O 13. cxd5 exd5 14. e4 Bg4 15.
exd5 Nxd5 16. Qb1 h6 17. h3 Be6 18. Ne4 Be7 19. Rd1 Qc7 20. Nc5 Bxc5 21. bxc5
Qe7 22. Rc1 Na5 23. Bd4 Nf6 24. Rc3 Nc6 25. Bf5 Bxf5 26. Qxf5 Qe4 27. Qxe4 Nxe4
28. Rb3 Nxd4 29. Nxd4 Nxc5 30. Rb6 Rc7 31. Rc1 Rfc8 32. Nf5 Na4 33. Rxc7 Rxc7
34. Rd6 Rc1+ 35. Kh2 Rc7 36. Rd8+ Kh7 37. Nd6 Kg6 38. Rb8 b5 39. Ra8 Rc6 40.
Ne4 Nb2 41. Rb8 Nc4 42. a4 bxa4 43. Rb4 Nb6 44. Nc3 Rxc3 45. Rxb6+ Kf5 46. Rxa6
a3 47. Ra4 Ke5 48. f3 Kd5 49. Kg3 Kc5 50. Ra7 Kb4 51. Rxf7 a2 52. Rb7+ Kc4 53.
Ra7 Kb3 54. Kg4 Rc4+ 55. Kh5 Ra4 56. Rb7+ Ka3 57. Rxg7 a1=Q 58. Rg6 Qe5+ 0-1

[Event "43. Olimpiada Batumi 2018 Femenina"]
[Site "Batumi GEO"]
[Date "2018.10.01"]
[Round "7.3"]
[White "Azman Hisham, Nur Nabila"]
[Black "Norlamo, Sarabella"]
[Result "1-0"]
[WhiteElo "1943"]
[BlackElo "1874"]
[PlyCount "143"]
[EventDate "2018.09.24"]
[EventType "team-swiss"]
[EventRounds "11"]
[EventCountry "GEO"]
[SourceTitle "Ajedrez en Madrid"]
[Source "lmi"]
[SourceDate "2018.09.24"]
[WhiteTeam "Malaysia"]
[BlackTeam "Finland"]
[WhiteTeamCountry "MAS"]
[BlackTeamCountry "FIN"]

1. d4 Nf6 2. c4 e6 3. Nc3 b6 4. Nf3 Bb7 5. e3 d5 6. cxd5 exd5 7. Bd3 Be7 8. O-O
Nbd7 9. Qa4 O-O 10. Ba6 Bxa6 11. Qxa6 c6 12. Qe2 Qc7 13. b3 Bd6 14. Bb2 Rac8
15. Rac1 Qb8 16. Rc2 Rfe8 17. h3 Qb7 18. Rfc1 Bb8 19. Qd1 h6 20. Re2 Ne4 21.
Nxe4 dxe4 22. Nd2 Qc7 23. Nf1 Qd6 24. Rec2 Nf6 25. Rc4 Nd5 26. a3 f5 27. b4 Ne7
28. b5 Qd5 29. bxc6 Rxc6 30. Rxc6 Nxc6 31. Qa4 Rc8 32. Qa6 Qd7 33. Qb5 Rc7 34.
a4 Ne7 35. Rxc7 Qxb5 36. axb5 Bxc7 37. Nd2 Nc8 38. Ba3 Bd6 39. Bb2 Bc7 40. Nc4
Nd6 41. Nxd6 Bxd6 42. f4 g5 43. g3 Kf7 44. d5 Bc5 45. Kf2 Ke7 46. Be5 Kd7 47.
g4 gxf4 48. Bxf4 fxg4 49. hxg4 Bf8 50. Kg2 Kc8 51. Kg3 Kb7 52. Be5 a6 53. bxa6+
Kxa6 54. Kf4 b5 55. Kxe4 Kb6 56. Kd3 Kc5 57. e4 b4 58. Bd4+ Kb5 59. e5 b3 60.
Bb2 Bb4 61. Kd4 Be1 62. e6 Bh4 63. Ke5 Bg3+ 64. Kf6 Kc5 65. g5 Bh4 66. Ke5 Bxg5
67. Ba3+ Kb5 68. Kd6 Kc4 69. Kc6 Kc3 70. d6 b2 71. Bxb2+ Kxb2 72. e7 1-0

[Event "43. Olimpiada Batumi 2018 Femenina"]
[Site "Batumi GEO"]
[Date "2018.10.01"]
[Round "7.4"]
[White "Rinne, Heini"]
[Black "Nithyalakshmi, Sivanesan"]
[Result "0-1"]
[WhiteElo "1760"]
[BlackElo "1866"]
[PlyCount "74"]
[EventDate "2018.09.24"]
[EventType "team-swiss"]
[EventRounds "11"]
[EventCountry "GEO"]
[SourceTitle "Ajedrez en Madrid"]
[Source "lmi"]
[SourceDate "2018.09.24"]
[WhiteTeam "Finland"]
[BlackTeam "Malaysia"]
[WhiteTeamCountry "FIN"]
[BlackTeamCountry "MAS"]

1. d4 Nf6 2. c4 g6 3. Nc3 Bg7 4. e4 d6 5. Nge2 O-O 6. Ng3 e5 7. d5 a5 8. Be2
Na6 9. h4 h5 10. Bg5 Qe8 11. Qd2 Ng4 12. f3 Nf6 13. O-O-O Bd7 14. Kb1 Nc5 15.
Rdg1 Nh7 16. Be3 b6 17. Nf1 f5 18. exf5 Bxf5+ 19. Kc1 e4 20. g4 exf3 21. gxf5
fxe2 22. Ng3 Nf6 23. Ngxe2 Nfe4 24. Nxe4 Nxe4 25. Qd3 Rxf5 26. Nd4 Nc5 27. Qd2
Re5 28. Re1 Re4 29. Kc2 Qa4+ 30. Kb1 Qxc4 31. Nc6 Nd3 32. Rd1 Nxb2 33. Bd4 Bxd4
34. Qh6 Bg7 35. Qxg6 Nxd1 36. Rg1 Nc3+ 37. Ka1 Qxa2# 0-1